[Event "SVK-chT2C 1213"]
[Site "Slovakia"]
[Date "2013.03.17"]
[Round "11.4"]
[White "Hrnciar, Roman"]
[Black "Sulko, Jan"]
[Result "0-1"]
[WhiteElo "2065"]
[BlackElo "2084"]
[PlyCount "92"]
[EventDate "2012.10.13"]
[EventType "team-tourn"]
[EventRounds "11"]
[EventCountry "SVK"]
[SourceTitle "EXT 2015"]
[Source "ChessBase"]
[SourceDate "2014.11.20"]
[SourceVersion "1"]
[SourceVersionDate "2014.11.20"]
[SourceQuality "1"]
[WhiteTeam "Dolny Kubin"]
[BlackTeam "Zvolen Slavia"]
[WhiteTeamCountry "SVK"]
[BlackTeamCountry "SVK"]

1. f4 d5 2. e3 g6 3. Nf3 Bg7 4. d4 c5 5. Bb5+ Bd7 6. Qe2 e6 7. 0-0 Qb6 8. Bxd7+ Nxd7 9. c3 Ne7 10. a4 0-0 11. Ne5 Nxe5 12. fxe5 a6 13. b4 cxb4 14. cxb4 f6 15. exf6 Rxf6 16. a5 Rxf1+ 17. Qxf1 Qxb4 18. Bd2 Qb2 19. Ra4 Nc6 20. Qd1 Rf8 21. Nc3 b5 22. Ra2 Qb4 23. Ne4 Qc4 24. Rc2 Rf1+ 25. Qxf1 Qxc2 26. Nd6 Nd8 27. Bb4 Qb3 28. Bd2 Qc2 29. Bb4 Bh6 30. Kh1 Bxe3 31. Nxb5 Nf7 32. Nd6 Nxd6 33. Bxd6 Qc1 34. Qxc1 Bxc1 35. Be5 Bd2 36. Bc7 Bc3 37. Bb6 e5 38. dxe5 Bxe5 39. Kg1 Kf7 40. h3 Ke6 41. Kf2 Kd7 42. Ke3 Bc7 43. Kd4 Bxb6+ 44. axb6 Kc6 45. b7 Kxb7 46. Kxd5 Kb6 0-1

[Event "SVK-chT2C 1213"]
[Site "Slovakia"]
[Date "2013.02.16"]
[Round "8.6"]
[White "Kral, Pavol"]
[Black "Sulko, Jan"]
[Result "1-0"]
[WhiteElo "2026"]
[BlackElo "2084"]
[PlyCount "93"]
[EventDate "2012.10.13"]
[EventType "team-tourn"]
[EventRounds "11"]
[EventCountry "SVK"]
[SourceTitle "EXT 2015"]
[Source "ChessBase"]
[SourceDate "2014.11.20"]
[SourceVersion "1"]
[SourceVersionDate "2014.11.20"]
[SourceQuality "1"]
[WhiteTeam "Banska Bystrica Veza"]
[BlackTeam "Zvolen Slavia"]
[WhiteTeamCountry "SVK"]
[BlackTeamCountry "SVK"]

1. c4 g6 2. Nc3 Bg7 3. g3 e5 4. Bg2 c6 5. d3 Ne7 6. Bg5 f6 7. Bd2 0-0 8. h4 d6 9. h5 Be6 10. hxg6 hxg6 11. Nf3 Kf7 12. Qc2 Na6 13. a3 Qd7 14. 0-0-0 Rh8 15. b3 Rxh1 16. Rxh1 Rh8 17. Rxh8 Bxh8 18. d4 b5 19. d5 cxd5 20. cxd5 Bg4 21. b4 Nb8 22. Qd3 a6 23. Nh4 Qc7 24. e4 Bc8 25. f4 Nd7 26. Bh3 Nb6 27. Bxc8 Nexc8 28. fxe5 dxe5 29. Qe3 Bg7 30. Qc5 Qd6 31. Be3 Bf8 32. a4 Qd7 33. Qc6 Qxc6 34. dxc6 Bxb4 35. Nd5 Nxa4 36. Nxb4 Nc3 37. Nxa6 Nxe4 38. g4 Ned6 39. Bc5 f5 40. Nf3 Ke6 41. Nc7+ Kf6 42. g5+ Kg7 43. Nxe5 Ne4 44. Ne8+ Kh8 45. Nf7+ Kg8 46. Nh6+ Kh7 47. Nf6+ 1-0

[Event "SVK-chT1E 1213"]
[Site "Slovakia"]
[Date "2013.01.12"]
[Round "5.2"]
[White "Haring, Viktor"]
[Black "Sulko, Jan"]
[Result "1-0"]
[WhiteElo "2013"]
[BlackElo "2084"]
[PlyCount "77"]
[EventDate "2012.10.20"]
[EventType "team-tourn"]
[EventRounds "11"]
[EventCountry "SVK"]
[SourceTitle "EXT 2015"]
[Source "ChessBase"]
[SourceDate "2014.11.20"]
[SourceVersion "1"]
[SourceVersionDate "2014.11.20"]
[SourceQuality "1"]
[WhiteTeam "Banska Bystrica Junior"]
[BlackTeam "Filakovo"]
[WhiteTeamCountry "SVK"]
[BlackTeamCountry "SVK"]

1. e4 c5 2. Nf3 d6 3. d4 cxd4 4. Nxd4 Nf6 5. Nc3 a6 6. Be3 b5 7. a4 b4 8. Nd5 Nxd5 9. exd5 Bb7 10. Bc4 Nd7 11. a5 Qc8 12. Nc6 Bxc6 13. dxc6 Ne5 14. Bb3 e6 15. Ba4 Nxc6 16. c3 Be7 17. cxb4 Qb7 18. Rc1 Rc8 19. Qc2 Qxb4+ 20. Bd2 Qc5 21. Qe4 d5 22. Rxc5 dxe4 23. Rxc6 0-0 24. 0-0 Rxc6 25. Bxc6 Rb8 26. b4 Rd8 27. Be3 Bxb4 28. Bb6 Rd2 29. Rb1 f5 30. g3 Bc3 31. Bb7 Ra2 32. Bxa6 Kf7 33. Bc4 Ra4 34. Bb5 Ra3 35. a6 e5 36. Bc4+ Kf6 37. a7 Bd4 38. Bxd4 exd4 39. Rb6+ 1-0